000 00498nam a2200193Ia 4500
008 240510s9999 xx 000 0 und d
020 _a0000132158493
041 _aEng
082 _a004.36
082 _bS45
100 _aSLOMAN, Morris (et-al)
245 0 _aDistributed systems and computer networks
260 _bEnglewood Cliffs, N.J. : Prentice - Hall
260 _c1987
300 _a336 p.
650 _aDistributed processing computer networks
942 _2ddc
942 _cLBK
999 _c24706
_d24706
945 _a1
_bMadushi Gamage
_c1
_dMadushi Gamage